书目信息 |
| 题名: |
女生.妇人
|
|
| 作者: | 蒋丽萍 著 | |
| 分册: | ||
| 出版信息: | 上海 上海文艺出版社 |
|
| 页数: | 429页 | |
| 开本: | 32开 | |
| 丛书名: | ||
| 单 册: | ||
| 中图分类: | I247.5 | |
| 科图分类: | ||
| 主题词: | 小说--中国 | |
| 电子资源: | ||
| ISBN: | 7-5321-1329-9 | |
| 000 | 00519nam0 2200193 45 | |
| 001 | 0006131026 | |
| 005 | 20000613104318.3 | |
| 010 | @a7-5321-1329-9@d14.70元 | |
| 100 | @a20000613d km y0chiy0120 ea | |
| 101 | 0 | @achi |
| 105 | @a z 000yy | |
| 200 | 1 | @a女生.妇人@ANu Sheng.Fu Ren@f蒋丽萍著@FJiang Li Ping Zhu |
| 210 | @a上海@c上海文艺出版社 | |
| 215 | @a429页@d32开 | |
| 606 | 0 | @a小说@x中国 |
| 690 | @aI247.5@v3 | |
| 701 | 0 | @a蒋丽萍@4著 |
| 801 | @aCN@bPftUser@c20000613 | |
| 905 | @b201410-411@dI247.5@eJ687@f2 | |
| 女生.妇人/蒋丽萍著.-上海:上海文艺出版社 |
| 429页;32开 |
| ISBN 7-5321-1329-9:14.70元 |
| ● |
| 相关链接 |
|
|
|
正题名:女生·妇人
索取号:I247.5/J687
 
预约/预借
| 序号 | 登录号 | 条形码 | 馆藏地/架位号 | 状态 | 备注 |
| 1 | 201410 | 202014104 | 社科二线400B/400B社科库 16排2列1层/ [索取号:I247.5/J687] | 在馆 | |
| 2 | 201411 | 202014113 | 文学库108/108文学库 30排4列5层/ [索取号:I247.5/J687] | 在馆 |